Tunnista suomalainen julkkis #1 - Statistics

Yleistilastot
  • Tätä visaa on pelattu 581 kertaa
    422 viimeisimmän päivityksen jälkeen
  • Keskiarvotulos 13 / 16
Vastaustilastot
Kuvavisa Vastaus % Oikein
Tarja Halonen
98%
Arttu Wiskari
94%
Urho Kekkonen
94%
Jorma Uotinen
92%
Matti Nykänen
89%
Maria Veitola
88%
Riku Nieminen
86%
Kimi Räikkönen
84%
Mikko Leppilampi
84%
Mikko Kuoppala
81%
Aki Palsanmäki
73%
Minka Kuustonen
69%
Rita Behm
66%
Mikko Alatalo
56%
Aleksis Kivi
55%
Jukka Karjalainen
50%
Ehtoja vastaavia visoja ei löytynyt
Tulosjakauma
Jokaisen tuloksen saaneiden osuus
Persentiili vastausten määrän mukaan
Tuloshistoriasi
Et ole pelannut tätä visaa sen viimeisimmän päivityksen jälkeen